000 00622nam a22002177a 4500
003 UA-OsUOA
001 54578
007 ta
008 20080623b un ||||| |||| 00| 0 ukr d
100 _aВишивана Б.М.
090 _a330(477)
_bВ-12
942 _cSA
040 _aUA-OsUOA
_bukr
_cUA-OsUOA
_dUA-OsUOA
245 _aОцінка експортно-імпортної діяльності в Україні
300 _aС.55-65
955 _a0
041 _aukr
080 _a330(477)
773 0 _w54577
_tФінанси України
_dК.
_d2008
_g1
650 7 _a330 Економіка взагалі
_2UDC
999 _c340613
_d340613